Catalog

Record Details

Catalog Search



Hell at the breech Cover Image CD Audiobook CD Audiobook

Hell at the breech [sound recording] / by Tom Franklin.

Franklin, Tom.: (author). Pine, Larry. (Added Author).

Summary:

In 1897, in the rural southwestern area of Alabama known as Mitcham Beat, an aspiring politician is mysteriously murdered. Seeking retribution, his outraged friends -- mostly poor cotton farmers -- form a secret society, Hell-at-the-Breech, to punish the townspeople they believe are responsible. The hooded members of this gang wage a bloody year-long campaign of terror that culminates in a massacre, where the innocent suffer alongside the guilty. Caught in the maelstrom of the Mitcham War are four people: the county's aging sheriff, sympathetic to both sides; the widowed midwife who delivered nearly every member of Hell-at-the-Breech; a ruthless detective who wages his own private war against the gang; and a young store clerk harboring a terrible secret. Based on incidents that occurred a few miles from the author's childhood home, Hell at the Breech chronicles the dark events of dark days, events that lead the people involved to discover their capacity for good, for evil, or for both.

Record details

  • ISBN: 1428127364
  • ISBN: 9781428127364
  • Physical Description: 12 audio discs (13 hr., 30 min.) : digital ; 4 3/4 in.
  • Edition: Unabridged.
  • Publisher: Prince Frederick, MD : Recorded Books, p2006, c2003.

Content descriptions

Participant or Performer Note:
Performed by Larry Pine.
Awards Note:
CWA Ellis Peters Historical Award Nominee (2004),
Mississippi Institute of Arts and Letters Award for Fiction (2004),
Alabama Author Award for Fiction (2006)
Subject: Political violence > Fiction.
Social conflict > Fiction.
Clarke County (Ala.) > Fiction.
Genre: Audiobooks.
Historical fiction.

Available copies

  • 1 of 1 copy available at scottsboropl.

Holds

  • 0 current holds with 1 total copy.
Show Only Available Copies
Location Call Number / Copy Notes Barcode Shelving Location Status Due Date
scottsboropl BK/CD Fra 32269000767239 Adult - Audiobook Available -

LDR 01039nim a2200325 a 4500
001129019
003SBPL
00520140703073305.0
007sd fungnnumned
008061204t20062003mdunnnn f n eng d
020 . ‡a1428127364
020 . ‡a9781428127364
02802. ‡aCV044 ‡bRecorded Books
035 . ‡a(CONS)129019
035 . ‡a(OCoLC)76877083 ‡z(OCoLC)1003987234 ‡z(OCoLC)1234443082 ‡z(OCoLC)1237126200
1001 . ‡aFranklin, Tom.: ‡eauthor
24510. ‡aHell at the breech ‡h[sound recording] / ‡cby Tom Franklin.
250 . ‡aUnabridged.
260 . ‡aPrince Frederick, MD : ‡bRecorded Books, ‡cp2006, c2003.
300 . ‡a12 audio discs (13 hr., 30 min.) : ‡bdigital ; ‡c4 3/4 in.
306 . ‡a133000
336 . ‡aspoken word ‡bspw ‡2rdacontent
337 . ‡aaudio ‡bs ‡2rdamedia
338 . ‡aaudio disc ‡bsd ‡2rdacarrier
344 . ‡adigital ‡2rdatr
344 . ‡boptical ‡2rdarm
344 . ‡c1.4 m/s
347 . ‡aaudio file ‡2rdaft
347 . ‡bCD audio
5110 . ‡aPerformed by Larry Pine.
520 . ‡aIn 1897, in the rural southwestern area of Alabama known as Mitcham Beat, an aspiring politician is mysteriously murdered. Seeking retribution, his outraged friends -- mostly poor cotton farmers -- form a secret society, Hell-at-the-Breech, to punish the townspeople they believe are responsible. The hooded members of this gang wage a bloody year-long campaign of terror that culminates in a massacre, where the innocent suffer alongside the guilty. Caught in the maelstrom of the Mitcham War are four people: the county's aging sheriff, sympathetic to both sides; the widowed midwife who delivered nearly every member of Hell-at-the-Breech; a ruthless detective who wages his own private war against the gang; and a young store clerk harboring a terrible secret. Based on incidents that occurred a few miles from the author's childhood home, Hell at the Breech chronicles the dark events of dark days, events that lead the people involved to discover their capacity for good, for evil, or for both.
586 0. ‡aCWA Ellis Peters Historical Award Nominee (2004),
586 0. ‡aMississippi Institute of Arts and Letters Award for Fiction (2004),
586 0. ‡aAlabama Author Award for Fiction (2006)
650 0. ‡aPolitical violence ‡vFiction.
650 0. ‡aSocial conflict ‡vFiction.
651 0. ‡aClarke County (Ala.) ‡vFiction.
655 7. ‡aAudiobooks. ‡2lcgft
655 7. ‡aHistorical fiction. ‡2lcgft
7001 . ‡aPine, Larry.
830 0. ‡aSouthern voices audio.
914 . ‡aScp_ds
901 . ‡a129019 ‡bUnknown ‡c129019 ‡tbiblio

Additional Resources